000 00466nam a2200157Ia 4500
003 OSt
005 20230526152228.0
008 211028s2009 xx 000 0 und d
040 _cAIMIT LIBRARY
041 _aeng
100 _aKhadar, Shakeel P; Vijay, Deborah.
_g71821
_99086
110 _aDeborah Vijay
_99087
245 _aGenome Annotation protein modeling and Molecular docking of Mycobacterium Tuberculosis.
260 _aMangalore
_c2009
942 _2ddc
_cPRO
999 _c220206
_d220206